Statistiques concernant Les départements les plus foudroyés par année depuis 2015

Cliquez ici pour prendre le quiz!

Statistiques générales

  • Ce quiz a été pris 45 fois
    (17 depuis la dernière actualisation)
  • Le résultat moyen est 60 sur 90

Statistiques - réponses

Annéenombre d'éclairsDépartement% Correct
201891 649Gard
88%
202230 850Gard
88%
201562 048Gard
88%
202025 690Gard
88%
202144 557Gard
88%
201944 832Loire
88%
202114 775Loire
88%
201553 549Pas-de-Calais
88%
202117 429Var
88%
201558 708Var
88%
201552 598Aveyron
82%
201951 126Aveyron
82%
202224 537Drôme
82%
202329 886Drôme
82%
202114 652Drôme
82%
201643 247Ardèche
76%
202326 658Ardèche
76%
202228 210Ardèche
76%
202021 381Ardèche
76%
201732 301Ardèche
76%
201887 631Ardèche
76%
202119 505Ardèche
76%
201931 043Hautes-Alpes
76%
202230 269Hérault
76%
201567 904Hérault
76%
201637 805Nord
76%
201637 352Aisne
71%
201744 017Aisne
71%
202321 717Alpes-de-Haute-Provence
71%
201554 793Alpes-de-Haute-Provence
71%
202118 165Alpes-de-Haute-Provence
71%
201638 938Alpes-de-Haute-Provence
71%
201953 737Alpes-de-Haute-Provence
71%
201879 396Alpes-de-Haute-Provence
71%
201934 174Bas-Rhin
71%
201651 201Bas-Rhin
71%
201860 337Bas-Rhin
71%
202226 096Bouches-du-Rhône
71%
201565 929Bouches-du-Rhône
71%
201728 337Haute-Loire
71%
201939 651Haute-Loire
71%
202016 589Haute-Loire
71%
202321 213Lot
71%
201733 612Ardennes
65%
202227 152Cher
65%
202018 067Cher
65%
201547 960Isère
65%
202115 172Isère
65%
202322 968Isère
65%
201731 318Isère
65%
201933 174Lozère
65%
202018 510Lozère
65%
201876 989Moselle
65%
202022 693Puy-de-Dôme
65%
201943 239Puy-de-Dôme
65%
202117 045Puy-de-Dôme
65%
201644 218Puy-de-Dôme
65%
202324 855Allier
59%
201730 552Allier
59%
202021 237Allier
59%
201859 555Côte-d'Or
59%
202117 916Côte-d'Or
59%
202330 306Côte-d'Or
59%
201554 583Côte-d'Or
59%
202225 581Côte-d'Or
59%
202018 099Creuse
59%
201860 907Doubs
59%
201638 411Doubs
59%
202224 332Indre
59%
202016 290Indre
59%
202224 646Nièvre
59%
201930 841Savoie
59%
202322 948Vosges
59%
201549 893Vosges
59%
202017 404Dordogne
53%
201638 466Marne
53%
201858 373Marne
53%
201728 493Marne
53%
201732 592Meuse
53%
201639 896Meuse
53%
201736 422Oise
47%
201935 201Saône-et-Loire
47%
202334 218Saône-et-Loire
47%
202228 343Saône-et-Loire
47%
202121 744Saône-et-Loire
47%
201859 453Saône-et-Loire
47%
201731 430Saône-et-Loire
47%
201646 804Saône-et-Loire
47%
201862 432Haute-Marne
41%
202321 076Haute-Marne
41%

Distribution des résultats

Percentile par nombre de réponses

% des personnes avec chaque résultat

Votre développement - résultats

Vous n’avez pas pris ce quiz depuis la dernière actualisation